000 00703nam a2200217Ii 4500
003 JO-AjNU
008 230605s9999||||xx |||||||||||||| ||und||
017 _a2006/5/1110
040 _aJO-AjNU
_bara
_erda
_cJO-AjNU
041 _aara
050 1 4 _aRA644.M92.T44 2006
100 3 _aابو التين، محمد حسين واخرون,
_eauthor
_939639
245 0 0 _aالامراض الفطرية والصحة العامة
250 _aط1
264 3 1 _aعمان:المؤلف ، 2006
300 _a119ص
336 _atext
_btxt
_2rdacontent
337 _aunmediated
_bn
_2rdamedia
338 _avolume
_bnc
_2rdacarrier
650 4 _aالامراض الفطريه - الصحة العامة
_939640
999 _aA16758
_c20326
_d20326